Tout les projet de Josman - Statistiques

Statistiques générales
  • Ce quiz a été pris 126 fois
  • Le résultat moyen est 46 sur 113
Statistiques - réponses
SPLIT % Correct
Intro
87%
Goal
80%
My love (feat. Tayc)
79%
Ailleurs
77%
Señorita
75%
J'aime Bien!
73%
Fucked Up
72%
Dans le vide
70%
MOONROCK
68%
XS
68%
Brûle (feat. Laylow)
63%
F*cked Up 4
63%
Peace, Haine, Love
63%
Problèmes de Riche
63%
Apple Pay
62%
Babygirl
62%
Décisions
62%
L'Œil de la Joconde
61%
POP (feat. Guy2Bezbar)
61%
SEC
61%
CARLO
59%
Fucked Up 3
59%
Mort Ce soir
59%
Loto
58%
Toxxxic
58%
Cohiba
56%
Fucked Up (Part. II)
56%
L'eau (Interlude)
56%
Les Flammes
56%
ANELKA
54%
Au Bout
54%
Mon âme
54%
Petite Bulle
54%
Doré
52%
Matrix
52%
OK (Interlude)
52%
V&V
52%
3ein / Risotto Gambas
51%
Bambi
51%
La Danse de la Joie
51%
Rich Music
49%
50k€
48%
AhGars!
48%
Cocktail
48%
La Plaie
48%
McQueen / Givenchy
48%
J'allume
46%
F̶i̶e̶s̶t̶a̶ (Interlude)
45%
Ma Lady (feat. Naza)
45%
Seul
45%
Vaccin (feat. Sofiane Pamart)
45%
New Hares (Same Sh!t)
42%
Un Zder, Un Thé
42%
PLU$$$
41%
WOW
41%
Ce soir j'achèterai un flash
39%
Factice
39%
Lifestyle
39%
B!tch (feat. Hamza)
38%
Vanille
38%
Best life
37%
Interdit (Interlude)
37%
Si tu savais...
37%
Je Sais
35%
000$
34%
Hasta el Cielo (feat. Eazy Dew & Soleil Noir)
34%
Jeune N****
34%
Larmes de sel (Intro)
34%
L'Occasion
34%
P.O.V.
34%
DLVrai
32%
STOP! (Outro)
32%
Cotton Club Freestyle - Remix
31%
Sourcils Froncés
31%
Yacht & Champagne - Skit
31%
À Notre Âge
30%
OLY (Ouvre Les Yeux)
30%
À feu doux...
28%
Bon.Char
28%
Argent, Drogue & Sexe (feat. Seth Gueko)
27%
BAG (Skit)
27%
BIZ
27%
Bruce Wayne (feat. Zed)
27%
Mallette
27%
Narcisse
27%
MEGAZORD
25%
TIM€
25%
Doobie
24%
Feu.bi
24%
High Life
24%
L'oiseau rare
24%
Dégaine (feat. Chily)
23%
Fleur d'amour
23%
Dans Le Ciel
21%
Mauvaise Humeur (feat. Leto)
21%
Monnai€
21%
Prendre l'Air
21%
Fais Avec
20%
R.A.P. - Rhythm and Poetry
20%
Doigt D'Honneur (Intro)
18%
Merde (Outro)
18%
À la fin du périple
17%
Illégale
17%
La Cage (NSM)
17%
PUFF PUFF PASS
17%
Sprite
17%
Mauvaises Nouvelles
15%
Cynisme
14%
Boss
13%
Censé faire (feat. Ol Kainry)
11%
Pussyboyz
11%
Big Step
10%
Le contrôle (feat. VEERUS)
8%
Aucun quiz correspondant
Distribution des résultats
% des personnes avec chaque résultat
Percentile par nombre de réponses
Votre historique - résultats
Vous n’avez pas pris ce quiz